Sports Quiz

Random Sports or Country Quiz

3rd Placed Teams in UCL Group Stage since 99/00 Quiz Stats

 Plays Quiz not verified by Sporcle

Also try: Missing Team Blitz
Challenge
Share
Tweet
Embed
Score 0/120 Timer 10:00
0 Plays Today
Season Team % Correct
2004/05Ajax
100%
2006/07Benfica
100%
2007/08Benfica
100%
2010/11Benfica
100%
2010/11Ajax
100%
2011/12Ajax
100%
2011/12Porto
100%
2012/13Ajax
100%
2012/13Benfica
100%
2013/14Benfica
100%
2013/14Porto
100%
2013/14Ajax
100%
2013/14Napoli
98.2%
2012/13Chelsea
96.4%
1999/00Arsenal
94.6%
1999/00Borussia Dortmund
94.6%
1999/00Galatasaray
94.6%
2000/01PSV
94.6%
2001/02Borussia Dortmund
94.6%
2001/02PSV
94.6%
2001/02Celtic
94.6%
2003/04Celtic
94.6%
2003/04PSV
94.6%
2003/04Galatasaray
94.6%
2007/08PSV
94.6%
2008/09Zenit
94.6%
2009/10Juventus
94.6%
2012/13Zenit
94.6%
2013/14Juventus
94.6%
1999/00Rangers
92.9%
2000/01Rangers
92.9%
2002/03Liverpool
92.9%
2004/05Valencia
92.9%
2007/08Rangers
92.9%
2009/10Liverpool
92.9%
2010/11Rangers
92.9%
2010/11Basel
92.9%
2011/12Valencia
92.9%
2013/14Basel
92.9%
2001/02Lyon
91.1%
Season Team % Correct
2002/03Lyon
91.1%
2004/05CSKA
91.1%
2006/07CSKA
91.1%
2011/12Manchester United
91.1%
2003/04Inter
87.5%
2004/05Fenerbahce
87.5%
2011/12Manchester City
87.5%
2003/04Marseille
85.7%
2003/04Besiktas
85.7%
2007/08Marseille
85.7%
2008/09Marseille
85.7%
2009/10Marseille
85.7%
2000/01Shakhtar Donetsk
83.9%
2004/05Shakhtar Donetsk
83.9%
2005/06Schalke
83.9%
2006/07Shakhtar Donetsk
83.9%
2008/09Shakhtar Donetsk
83.9%
1999/00Bayer Leverkusen
82.1%
2000/01Bayer Leverkusen
82.1%
2001/02Lille
82.1%
2005/06Lille
82.1%
2007/08Sporting
82.1%
2010/11Braga
82.1%
2002/03Club Brugge
80.4%
2003/04Panathinaikos
80.4%
2003/04Club Brugge
80.4%
2004/05Panathinaikos
80.4%
2005/06Club Brugge
80.4%
2009/10Atletico Madrid
80.4%
1999/00Olympiacos
78.6%
1999/00Spartak
78.6%
2000/01Olympiacos
78.6%
2001/02Feyenoord
78.6%
2004/05Olympiacos
78.6%
2006/07Spartak
78.6%
2010/11Spartak
78.6%
2011/12Olympiacos
78.6%
2012/13Olympiacos
78.6%
2009/10Rubin Kazan
76.8%
2010/11Rubin Kazan
76.8%
Season Team % Correct
2000/01Barcelona
75%
2000/01Hamburg
73.2%
2011/12Viktoria Plzen
73.2%
2013/14Viktoria Plzen
73.2%
2000/01Rosenborg
71.4%
2005/06Rosenborg
71.4%
2007/08Rosenborg
71.4%
2012/13BATE
71.4%
2012/13CFR Cluj
71.4%
2002/03Dynamo Kyiv
69.6%
2004/05Dynamo Kyiv
69.6%
2008/09Dynamo Kyiv
69.6%
2010/11Twente
69.6%
2012/13Dynamo Kyiv
69.6%
2006/07Werder Bremen
67.9%
2007/08Werder Bremen
67.9%
2008/09Werder Bremen
67.9%
2008/09Fiorentina
67.9%
2001/02Lokomotiv
66.1%
2009/10Standard Liege
66.1%
2002/03AEK Athens
64.3%
2006/07AEK Athens
64.3%
2009/10Wolfsburg
64.3%
2005/06Udinese
62.5%
2006/07Bordeaux
62.5%
2006/07Steaua Bucharest
62.5%
2007/08Slavia Prague
62.5%
2008/09Bordeaux
62.5%
2002/03Maccabi Haifa
57.1%
2011/12Trabzonspor
57.1%
2005/06Real Betis
51.8%
2002/03Lens
50%
2013/14Shakhtar Donetsk
50%
1999/00Sturm Graz
48.2%
2002/03Auxerre
46.4%
2008/09Aalborg
46.4%
2005/06Thun
41.1%
2001/02Mallorca
37.5%
2009/10Unirea
37.5%
2005/06Artmedia
32.1%

You're not logged in!

Compare scores with friends on all Sporcle quizzes.
Join for Free
OR
Log In

You Might Also Like...

Show Comments

Extras

Top Quizzes Today


Score Distribution

Your Account Isn't Verified!

In order to create a playlist on Sporcle, you need to verify the email address you used during registration. Go to your Sporcle Settings to finish the process.

Report this User

Report this user for behavior that violates our Community Guidelines.

Details: